| 000 | 00632nam a2200229Ia 4500 | ||
|---|---|---|---|
| 003 | OSt | ||
| 005 | 20220928125136.0 | ||
| 006 | a|||||r|||| 00| 0 | ||
| 007 | ta | ||
| 008 | 220927b |||||||| |||| 00| 0 eng d | ||
| 024 | _a45977 | ||
| 037 | _cTextual | ||
| 040 |
_aSDCL _cSDCL _beng |
||
| 041 |
_2eng _aeng |
||
| 082 | _aR2, K9 | ||
| 100 |
_aGrene Marjorie Ed. _9414131 |
||
| 245 | 0 |
_aKnowing and being _b Essays by Michael Polanyi. |
|
| 260 |
_aChicago _bThe University Of Chicago Press _c1969 |
||
| 300 |
_axvii,245p. _ccm. |
||
| 942 |
_hR2, K9 _cTEXL _2CC |
||
| 999 |
_c780985 _d780985 |
||